000 00581nam a2200169 a 4500
008 120416s1985 ||||||||||||||||| || u
050 _aQE 431.2 Wil
100 _aGilbert, Charles M
245 1 0 _aPetrography
246 _aan introduction to the study of rocks in thin sections
250 _a2nd ed.
260 _aNew Delhi
_bCBS Publishers
_c1985
300 _aixv, 626p. : ill
350 _a0.00
700 _aWilliams, Howel
995 _D0.00
_FCBU-MAIN LIBRARY (Kitwe)
_H1
_I80.00
_UDAMAGED
_ZMain Library Open Access Collection
999 _c53450
_d53450